Estadísticas para 5 Países más Grandes por Latitud

Haz click aquí para tomar la prueba!

Estadísticas generales

  • Esta prueba ha sido tomada 1.101 veces
  • La puntuación promedio es 20 de 27

Estadísticas de respuestas

LatitudPaís% Correcto
75°N, 60°N, 45°NRusia
99%
75°N, 60°N, 45°NCanadá
98%
60°N, 45°N, 30°NEstados Unidos
97%
45°N, 30°NChina
96%
30°S, 45°SArgentina
96%
0°, 15°S, 30°SBrasil
96%
15°S, 30°SAustralia
95%
30°N, 15°NIndia
90%
30°S, 45°SChile
85%
15°NMéxico
85%
R.D. Congo
82%
30°SSudáfrica
78%
Indonesia
75%
45°NKazajistán
74%
30°NArgelia
71%
15°SPerú
69%
30°NArabia Saudita
68%
Colombia
65%
45°SNueva Zelanda
63%
15°NSudán
63%
60°NSuecia
61%
60°NFinlandia
57%
15°NChad
56%
15°SBolivia
50%
15°NNíger
49%
15°SAngola
46%
Somalia
25%

Distribución de puntuación

Porcentaje por número respondido

Porcentaje de gente con cada puntuación

Historial de tus puntuaciones

No has tomado esta prueba